000 00957pam a2200289 a 4500
999 _c15199
_d15199
001 3383354
003 ARRUPE
005 20170928114007.0
008 880711s1989 nyu b 001 0 eng
010 _a 88022886
020 _a0231066848 (alk. paper)
040 _aDLC
_cDLC
_dDLC
050 0 0 _aGN33
_b.M34 1989
082 0 0 _a306/.09
_219
100 1 _aMcGrane, Bernard.
_936545
245 1 0 _aBeyond anthropology :
_bsociety and the other /
_cBernard McGrane.
260 _aNew York :
_bColumbia University Press,
_cc1989.
300 _ax, 150 p. ;
_c24 cm.
500 _aIncludes index.
504 _aBibliography: p. 137-144.
650 0 _aAnthropology
_xPhilosophy
_xHistory.
_936546
650 0 _aDifference (Philosophy)
_934848
650 0 _aEthnocentrism.
_922493
650 0 _aSocial perception
_xHistory.
_936547
650 0 _aTheological anthropology
_xChristianity
_936548
906 _a7
_bcbc
_corignew
_d1
_eocip
_f19
_gy-gencatlg
942 _2lcc
_cMONOGRAPH